| 000 | 00630nam a2200229Ia 4500 | ||
|---|---|---|---|
| 008 | 180523s9999 xx 000 0 und d | ||
| 020 | _a981-244-973-6 | ||
| 050 | _aMAIN HD 62.5 | ||
| 050 | _b.S56 2006 | ||
| 100 | _aSim, H.C. Mathew. | ||
| 245 | 0 | _aEntrepreneurship in practice : | |
| 245 | 2 | _ba practical guide / | |
| 245 | 0 | _cH.C. Matthew Sim. | |
| 260 | _aSingapore : | ||
| 260 | _bPearson Education South Asia, | ||
| 260 | _c2006 | ||
| 300 | _a157 pages : | ||
| 300 | _c24 cm. | ||
| 500 | _aIncludes bibliographical references and index. | ||
| 650 | _aNew business enterprise. | ||
| 650 | _xEntrepreneurship. | ||
| 999 |
_c356948 _d356948 |
||